2019-2020 Los Angeles Rams Current Roster - Statistics

General Stats
  • This quiz has been taken 183 times
  • The average score is 17 of 41
Answer Stats
Hint Answer % Correct
QB Jared Goff
97%
WR Cooper Kupp
89%
DE Aaron Donald
88%
RB Todd Gurley
85%
WR Robert Woods
82%
TE Tyler Higbee
71%
Coach Sean McVay
66%
OL Andrew Whitworth
63%
WR Brandin Cooks
62%
SS John Johnson
56%
TE Gerald Everett
52%
P Johnny Hekker
52%
RB Malcolm Brown
52%
RB Darrell Henderson
50%
CB Marcus Peters
47%
QB Blake Bortles
44%
WR Josh Reynolds
44%
CB Aqib Talib
42%
DE Michael Brockers
38%
FS Taylor Rapp
38%
FS Eric Weddle
35%
OL Rob Havenstein
35%
CB Troy Hill
32%
LB Cory Littleton
31%
LB Clay Matthews
30%
OL Brian Allen
28%
QB Brandon Allen
26%
DT Sebastian Joseph-Day
26%
LB Dante Fowler Jr.
24%
OL Austin Blythe
23%
DT Greg Gaines
20%
LB Samson Ebukam
20%
KR JoJo Natson
19%
OL Joseph Noteboom
19%
CB Nickell Robey-Coleman
19%
TE Johnny Mundt
17%
K Greg Zuerline
16%
LB Micah Kiser
15%
CB David Long
13%
LS Jake McQuaide
13%
WR Mike Thomas
11%
No matching quizzes found
Score Distribution
Percent of People with Each Score
Percentile by Number Answered
Your Score History
You have not taken this quiz